| 000 | 00708nam a2200253Ia 4500 | ||
|---|---|---|---|
| 003 | OSt | ||
| 005 | 20220928120813.0 | ||
| 006 | a|||||r|||| 00| 0 | ||
| 007 | ta | ||
| 008 | 220927b |||||||| |||| 00| 0 eng d | ||
| 024 | _a27874 | ||
| 037 | _cTextual | ||
| 040 |
_aSDCL _cSDCL _beng |
||
| 041 |
_2eng _aeng |
||
| 082 | _aK:3, N3 | ||
| 100 |
_aBerry A K _9451251 |
||
| 245 | 0 |
_aAnimal physiology _b With related biochemistry. |
|
| 260 |
_aDelhi _bEmkay Publication _c1993 |
||
| 300 |
_axii,532p. _ccm. |
||
| 700 |
_a Kapoor A S _9451252 |
||
| 700 |
_a Nagabhushanam R _9451253 |
||
| 942 |
_hK:3, N3 _cTEXL _2CC |
||
| 999 |
_c765336 _d765336 |
||